Monika Melcová organ Miniprofil HŽ

Bibliographic Details
Main Author: Urbančíková, Lýdia, 1942- (Author)
Format: Article
Language:Slovak
Subjects:

MARC

LEADER 00000nab a2200000 a 4500
001 vtls001018157
003 SK-MaSNL
005 20260304134225.0
008 250505e20010000xo 0 slo
035 |a SN4104 
035 |a urn:nbn:sk:snk-ab214j 
035 |a (urnnbn)urn:nbn:sk:snk:ar-a01e70 
035 |a (uuid)ed23533f-1de9-45b0-97e0-bbceac902d66 
040 |a SNKBUCL  |b slo  |c SNKBUCL  |e AACR2 
041 0 |a slo 
044 |a xo  |c SK 
080 |a 78.071  |2 1981 
100 1 |a Urbančíková, Lýdia,  |d 1942-  |4 aut  |9 26881 
245 1 0 |a Monika Melcová organ  |b Miniprofil HŽ 
600 1 7 |a Melcová, Monika,  |d 1974-  |2 SNSK  |9 221046 
650 0 7 |a hudba  |2 SNSK  |9 1063 
650 0 7 |a V rubrike osobnosti. Udalosti.  |2 SNSK  |9 1451897 
651 7 |a Spišská Nová Ves (Slovensko)  |2 SNSK  |9 28800 
773 0 |t Hudobný život  |g Roč. 33, č.2 (2001), s. 6 
850 |a Slovenská národná knižnica 
852 |a Slovenská národná knižnica 
954 |a odborná, vedecká literatúra pôvodná (slovenská)  |2 lita 
958 |a article27 
958 |a OND 
958 |a EUIPO 
999 |c 2905828  |d 2907758